Inteligentné riadenie osvetlenia vnútorných priestorov
Enregistré dans:
| Auteur principal: | |
|---|---|
| Autres auteurs: | , |
| Format: | Manuscrit Livre |
| Langue: | slovaque |
| Publié: |
Bratislava :
STU v Bratislave FEI,
2000
|
| Sujets: | |
| Tags: |
Pas de tags, Soyez le premier à ajouter un tag!
|
MARC
| LEADER | 00000ntm a22000003a 4500 | ||
|---|---|---|---|
| 001 | stu56972 | ||
| 005 | 20160719164819.5 | ||
| 008 | 010220s2000------------------------slo-d | ||
| 040 | |a STU |b slo | ||
| 041 | 0 | |a slo | |
| 100 | 1 | |a Lezo, Jozef |4 aut | |
| 245 | 1 | |a Inteligentné riadenie osvetlenia vnútorných priestorov | |
| 260 | |a Bratislava : |b STU v Bratislave FEI, |c 2000 | ||
| 300 | |a 54 s | ||
| 650 | 7 | |a Elektroenergetické a silnoprúdové inžinierstvo |2 stusub | |
| 700 | 1 | |a Horňák, Pavol, |d 1943- |4 ths |u E130 |U FEI Fakulta elektrotechniky a informatiky |T FEI Katedra elektroenergetiky |X 2129 |U E130 |Y 59 |7 A000002129 | |
| 700 | 1 | |a Žirka, Juraj |4 ths | |